000 00813nam a2200229 a 4500
001 40616
003 BD-RjUL
005 20211209053243.0
008 160507s2000 bg ||||| |||| 00| 0 ben d
020 _c : Tk.60.00
035 _a(BD-RjUL)40731
040 _aBD-RjUL
_bben
_cBD-RjUL
041 _aben
082 _223
_a297.72
_bISJ 2000
100 _aইসলাম, এম. আনোয়ারুল
_9124974
245 1 0 _aজিহাদের গুরুত্ব ও শহীদের মর্যাদা /
_cএম. আনোয়ারুল ইসলাম
260 _aঢাকা :
_bইসলাম প্রকাশনী,
_c২০০০.
300 _a[৮] ১০২ পৃ. ;
_c১৯ সেমি.
650 _aজিহাদ
_9124882
650 _aJihad
_9119787
942 _2ddc
_cBK
999 _c40616
_d40616